| 000 | 00704nam a22001937a 4500 | ||
|---|---|---|---|
| 999 |
_c1430 _d1430 |
||
| 003 | AR-CdUCM | ||
| 008 | 190227b ||||| |||| 00| 0 spa d | ||
| 040 |
_aMUNICIPALIDAD PROVINCIAL DEL CUSCO _cBIBLIOTECA MUNICIPAL DEL CUSCO |
||
| 082 |
_27ma. _a860 / _bAZ98 |
||
| 100 |
_aAzorin _9580 |
||
| 245 | _aLecturas Españolas / | ||
| 260 |
_aArgentina : _bEspasa - Calpe ; _c1952. |
||
| 300 |
_a146 páginas _c18cm |
||
| 440 |
_aColección Austral _nSerie Verde : Ensayos y Filosofía _95385 |
||
| 505 | _aJuan Luis Vives -- El genio castellano -- Guevara y el campo -- Saavedra Fajardo -- Jardines de Castilla | ||
| 650 |
_aLiteratura Española _9904 |
||
| 942 |
_2ddc _cLIBROS |
||
| 945 |
_anom _d2019-02-07 |
||